Value <das> Beratermagazin

Guardado en:
Detalles Bibliográficos
Formato: Seriadas
Lenguaje:alemán
Publicado: Karlsruhe Verlag Versicherungswirtschaft
Materias:
Etiquetas: Agregar Etiqueta
Sin Etiquetas, Sea el primero en etiquetar este registro!

MARC

LEADER 00000nas1a2200000 4500
001 0200340
005 20250721095059.1
022 |a 2363-5495 
041 0 |a ger 
044 |a DE 
245 1 0 |a Value  |b <das> Beratermagazin 
264 1 |a Karlsruhe  |b Verlag Versicherungswirtschaft 
610 2 0 |a poisťovníctvo 
610 2 0 |a poradenstvo 
610 2 0 |a kvalita 
610 2 0 |a poistenie